[Event "127th NZ Congress 2020"]
[Site "Tauranga"]
[Date "2020.01.16"]
[Round "1.1"]
[White "Metge, J. Nigel"]
[Black "Papin, Vasily"]
[Result "0-1"]
[WhiteElo "1932"]
[BlackElo "2481"]
[Annotator "TA"]
[PlyCount "68"]
[EventDate "2020.01.14"]
[EventType "swiss"]
[EventCountry "NZL"]
[SourceTitle "playchess.com"]
[Source "ChessBase"]
[SourceQuality "1"]

{[%evp 19,68,6,20,0,0,0,0,0,0,-31,-14,-93,-13,-60,-57,-57,-58,-123,-27,-93,-97,-117,-118,-167,-77,-89,-85,-85,-92,-86,-86,-102,-122,-147,-98,-178,-68,-82,-51,-564,-560,-549,-535,-693,-699,-699,-698,-875,-860,-925,-924]} 1. d4 Nf6 2. c4 e6 3. Nc3 Bb4 4. e3 O-O 5. Bd3 c5 6. Nf3 b6 7. O-O Bb7 8. Na4 cxd4 9. exd4 Re8 10. a3 Bf8 11. b4 {E43: Nimzo-Indian: Rubinstein: 4...b6} a5 12. b5 d6 13. Re1 {The position is equal.} Nbd7 14. Bg5 Rc8 (14... h6 15. Bh4 Rc8 16. Nd2 d5 17. Bf1 Be7 18. Bg3 dxc4 19. Nxc4 {0-1 (82) Li,C (2699)-Donchenko,A (2593) chess.com INT 2019}) 15. Qc2 $146 (15. Rc1 $11) ({Predecessor:} 15. Bh4 h6 16. Rc1 g5 17. Bg3 Nh5 18. Bb1 Nxg3 19. hxg3 {1-0 (77) Zelesco,K (2361)-Izzat,K (2473) Melbourne 2017}) 15... Qc7 (15... h6 $1 $17 {[%cal Rh6g5]} 16. Be3 Ng4) 16. Bxf6 Nxf6 17. Ng5 g6 18. Qe2 ({White should play} 18. Rac1 $15) 18... Bh6 (18... e5 $17 {aiming for ...e4.} 19. d5 e4 $1 {[%mdl 512]}) 19. h4 (19. Qe3 $1 $11) 19... Bg7 $17 20. Rad1 h6 21. Ne4 Nd7 (21... Nxe4 $19 22. Bxe4 d5 23. Bxg6 fxg6) 22. h5 g5 ({Of course not} 22... Bxd4 $6 23. hxg6 f5 24. Ng3 $11) 23. Qe3 d5 24. Nd2 Qd6 25. cxd5 Bxd5 26. Ne4 Qe7 {And now ...Bb3 would win.} ({And not} 26... Qxa3 27. Nf6+ $1 {[%mdl 512]} Bxf6 28. Bh7+ $1 {[%mdl 512]} Kxh7 29. Qxa3 $16) 27. Nec3 (27. Nd2 $17 {is a better defense.}) 27... Qxa3 {[#]} (27... Bb3 $19 28. Rb1 Qxa3) 28. Nxb6 $1 $15 {[%mdl 512]} Qxc3 (28... Nxb6 29. Nxd5) 29. Rc1 $2 {[%mdl 8192] [#]} ({White must play} 29. Nxd7 $15 Red8 30. Ne5) 29... Qxc1 $1 $19 {[%mdl 512] Black is clearly winning.} 30. Rxc1 Nxb6 31. Rc5 a4 {[%cal Ba5a4,Ba4a3,Ba3a2][%mdl 32]} 32. Bb1 Ra8 33. Qd3 a3 34. Rc7 a2 {Accuracy: White = 24%, Black = 49%.} 0-1

[Event "127th NZ Congress 2020"]
[Site "Tauranga"]
[Date "2020.01.16"]
[Round "1.2"]
[White "Fernandez, Daniel Howard"]
[Black "Lim, Benjamin U"]
[Result "1-0"]
[WhiteElo "2444"]
[BlackElo "1898"]
[Annotator "TA"]
[PlyCount "133"]
[EventDate "2020.01.14"]
[EventType "swiss"]
[EventCountry "NZL"]
[SourceTitle "playchess.com"]
[Source "ChessBase"]
[SourceQuality "1"]

{[%evp 10,133,22,25,57,49,62,58,73,51,62,62,71,73,87,61,96,40,50,39,94,97,95,102,96,109,135,74,91,72,64,39,143,109,100,110,111,60,71,73,127,128,124,73,101,114,113,124,124,54,47,47,62,61,43,56,56,52,75,59,68,54,64,8,10,11,14,10,18,0,0,0,0,0,0,-23,-27,-44,-45,-20,-26,-43,-50,-43,64,0,8,8,8,8,8,8,8,8,8,8,8,8,8,8,21,8,8,8,8,8,8,8,29957,29953,29962,29961,29970,29971,29969,29971,29975,29978,29976,29977,29986,29987,29987,29988,29990,29991]} 1. e4 c5 2. Nf3 d6 3. d4 cxd4 4. Nxd4 Nf6 5. f3 a6 6. c4 e5 {B55: Sicilian: 2...d6 3 d4 cxd4 4 Nxd4 Nf6 5 f3} (6... Nc6 7. Be3 e6 8. Nc3 Be7 9. Be2 O-O 10. O-O Nxd4 11. Qxd4 Bd7 12. Rfd1 Qa5 13. a3 Rfc8 14. b4 Qd8 15. Rac1 e5 16. Qd2 Qe8 17. Bg5 Be6 18. Nd5 Nxd5 19. exd5 {1-0 (55) Kokarev,D (2598)-Pridorozhni,A (2567) Khanty-Mansiysk 2018}) 7. Nc2 Be6 8. Nc3 Qc7 {White is slightly better.} 9. Ne3 Nbd7 10. g4 $146 ({Predecessor:} 10. Be2 Be7 11. O-O Rc8 12. b3 Qa5 13. Ncd5 Bxd5 14. cxd5 {1-0 (58) Pal,C (1836)-Mazak,L (1941) Hungary 2008}) 10... Nb6 11. h4 Be7 12. Bd2 Rc8 {[%cal Rb6c4]} ({Don't go for} 12... Bxc4 $2 13. Bxc4 Nxc4 14. Qa4+ b5 15. Nxb5 $1 $18 {[%mdl 512]}) ({Avoid the trap} 12... Nxc4 $2 13. Qa4+ b5 14. Nxb5 $1 $18 {[%mdl 512]}) 13. Rc1 (13. b3 $1 $16) 13... Qd8 $14 14. b3 h6 (14... Nfd7 $14) 15. Kf2 $16 Nfd7 16. Kg3 $1 h5 17. g5 g6 18. Bh3 (18. Ned5 $142) 18... Bxh3 19. Kxh3 Nc5 20. Qf1 f6 (20... O-O $14) 21. gxf6 $1 Bxf6 22. Rg1 $1 {[%cal Rg1g6]} Rg8 23. Be1 (23. Rd1 $16) 23... Ne6 24. Ne2 Nf4+ (24... Rc6 $142) 25. Nxf4 exf4 {[#]} 26. Nc2 ({Better is} 26. Nf5 $1 {[%mdl 512]}) 26... Qd7+ 27. Kh2 Qe7 28. Qh3 Kf7 29. Bf2 (29. Nb4 $16) 29... Nd7 $14 30. Nb4 Qe6 31. Qxe6+ Kxe6 32. Nd5 Ne5 33. Rc3 $1 Kf7 34. Rd1 Rc6 35. Nxf6 (35. Kh3 {is more complex.} b5 36. Bd4 bxc4 37. bxc4 Rb8 38. Nxf4 Rxc4 39. Nd5) 35... Kxf6 36. Bd4 ({White should play} 36. Be1 $14) 36... Ke6 $11 37. Bxe5 dxe5 {[%mdl 4096] Endgame KRR-KRR} 38. Rcd3 g5 39. c5 g4 {Strongly threatening ...gxf3.} 40. Rd6+ Rxd6 (40... Kf7 {seems wilder.} 41. Rd7+ Kf6 42. Kg2 gxf3+ 43. Kf1 Rg4) 41. Rxd6+ {KR-KR} Ke7 42. Kg2 gxf3+ 43. Kxf3 Rg3+ 44. Kf2 Re3 45. Rb6 Rxe4 46. Rxb7+ Kd8 (46... Ke6 $15) 47. c6 (47. Ra7 $14) 47... Rd4 48. Kf3 {next Rh7 is good for White.} Rd6 49. Ke4 Rxc6 50. Kxe5 f3 51. Rf7 Rc2 52. Rxf3 {With the idea a4.} Rxa2 53. Kf6 Ra5 54. Rf5 Ra3 $1 55. Rxh5 {Threatens to win with Rd5+.} Rxb3 56. Re5 Rb6+ 57. Kf7 $1 Rb7+ $1 58. Kf8 {Black must now prevent Re8+.} Rb4 $2 {[%mdl 8192]} (58... Rb5 $11 59. Re1 a5) 59. h5 {White mates.} Rf4+ 60. Kg7 Kc7 61. h6 Rg4+ 62. Kf6 Kb6 63. h7 Rh4 64. Kg6 Rg4+ 65. Rg5 Rh4 66. Rh5 Rg4+ 67. Kf5 {Accuracy: White = 64%, Black = 43%.} 1-0

[Event "127th NZ Congress 2020"]
[Site "Tauranga"]
[Date "2020.01.16"]
[Round "1.3"]
[White "Yee, Stanley"]
[Black "Clarke, Brandon G I"]
[Result "0-1"]
[WhiteElo "1881"]
[BlackElo "2437"]
[Annotator "TA"]
[PlyCount "62"]
[EventDate "2020.01.14"]
[EventType "swiss"]
[EventCountry "NZL"]
[SourceTitle "playchess.com"]
[Source "ChessBase"]
[SourceQuality "1"]

{[%evp 16,62,3,-20,0,-16,0,-11,0,-24,6,-20,0,-54,33,31,39,34,33,33,43,39,68,69,75,42,71,35,73,0,48,-8,-22,-8,-14,-18,-16,-92,-86,-185,-173,-175,-150,-149,-156,-172,-163,-29996,-29997]} 1. d4 Nf6 2. c4 g6 3. Nc3 d5 4. Nf3 Bg7 5. g3 O-O 6. Bg2 dxc4 7. Ne5 c6 8. Nxc4 Be6 9. Ne3 Qa5 $146 {D73: Fianchetto Grünfeld: 5 Nf3} ({Predecessor:} 9... Qd7 10. O-O Rd8 11. Nc2 Bh3 12. e4 Bxg2 13. Kxg2 e5 14. dxe5 Qxd1 15. Rxd1 Rxd1 16. exf6 Rxc1 17. Rxc1 Bxf6 {0-1 (67) Czernek,T (1877)-Szelag,M (2460) Trzcianka 2016}) 10. O-O Rd8 11. Nc2 Na6 {The position is equal.} 12. e4 Rd7 13. Qe2 Rad8 14. Rd1 (14. Bd2 $11) 14... b5 (14... Nb4 $15) 15. e5 $14 Nd5 16. Nxd5 Bxd5 17. Bxd5 Rxd5 18. Be3 e6 19. a3 Qa4 20. b4 Nc7 {[%cal Ba6c7,Bc7a8,Ba8b6,Bb6c4,Bc4e3][%mdl 32]} 21. Bg5 R8d7 22. Be3 (22. h4 $16) 22... Na8 23. Ne1 ({White should play} 23. Rdc1 $14) 23... Bxe5 $1 $11 {[%mdl 64] [#] Pin} 24. Rdc1 Bxd4 25. Bxd4 Rxd4 26. Rxc6 (26. Nf3 $1 $11 {keeps the balance.} Rc4 27. Re1) 26... Nb6 $17 27. Kg2 (27. Nf3 $17 {might work better.} Rd1+ 28. Rxd1 Qxd1+ 29. Qxd1 Rxd1+ 30. Kg2) 27... Rc4 $19 28. Rxc4 Nxc4 29. Nd3 {Black must now prevent Nc5.} Qa6 30. Nc5 Qc6+ 31. Qf3 $2 {[#]} (31. Kg1 $19 Rd2 32. Qe4) 31... Ne3+ $1 {[%mdl 576] Pin. Accuracy: White = 37%, Black = 32%.} 0-1

[Event "127th NZ Congress 2020"]
[Site "Tauranga"]
[Date "2020.01.16"]
[Round "1.4"]
[White "Hague, Ben"]
[Black "Vickers, Josia"]
[Result "1-0"]
[WhiteElo "2399"]
[BlackElo "1878"]
[Annotator "TA"]
[PlyCount "73"]
[EventDate "2020.01.14"]
[EventType "swiss"]
[EventCountry "NZL"]
[SourceTitle "playchess.com"]
[Source "ChessBase"]
[SourceQuality "1"]

{[%evp 9,73,10,23,18,20,24,31,21,39,29,73,75,70,87,87,90,112,92,102,100,131,91,113,106,126,132,113,112,132,122,132,113,123,62,134,119,294,54,191,51,329,286,289,125,132,127,141,151,523,488,608,602,557,330,310,324,324,330,324,318,387,379,2149,2150,1797,1771]} 1. e4 c5 2. Nf3 d6 3. Bc4 Nc6 4. O-O Nf6 5. Re1 e6 (5... Bg4 6. c3 e6 7. d4 cxd4 8. cxd4 Bxf3 9. gxf3 d5 10. exd5 Nxd5 11. Nc3 Be7 12. Qb3 Nxd4 {0-1 (25) Caruana,F (2795)-Vachier Lagrave,M (2788) chess.com INT 2016}) 6. Bb3 {B50: Sicilian: 2...d6, Miscellaneous} Be7 7. c3 O-O 8. d4 {White is slightly better.} cxd4 9. cxd4 e5 10. h3 h6 11. Nc3 b6 $146 ({Predecessor:} 11... a6 12. Be3 b5 13. dxe5 Nxe5 {1-0 (25) Looshnikov,N (2491)-Shelokov,V (1982) Satka 2013}) 12. Be3 Bb7 13. Qe2 Rc8 14. Rad1 Qc7 15. d5 Na5 16. Bc2 $1 Nc4 {[#]} 17. Bc1 $1 a6 {[#]} 18. Nh4 $1 Rfe8 19. Nf5 b5 20. Bd3 Bf8 21. Qf3 ({White should try} 21. a4 $16) 21... Nd7 (21... Qd8 $1 $14) 22. Ne2 $16 Kh7 $2 (22... Qd8 $16) 23. Qg4 $2 (23. Neg3 $18) 23... g6 (23... Ncb6 $14) 24. Bxc4 (24. b3 $18) 24... Qxc4 $4 {[%mdl 8192]} (24... bxc4 $14 25. Nxh6 f6) 25. Nxh6 Bxh6 26. Qxd7 (26. Bxh6 $18 {has better winning chances.} Nf8 27. Qh4) 26... Qc7 27. Qg4 Bxc1 28. Rxc1 Qa5 $2 (28... Qd8 $16 29. h4 Kh6) 29. Qd7 $1 $18 {[%csl LRb7,LRd6,LRf7][%mdl 64] Double Attack} Qb6 30. Qxf7+ Kh6 {Black hopes to continue with ...Rf8.} 31. Qf6 {Strongly threatening Ng3.} Rf8 32. Qh4+ Kg7 33. Rxc8 Bxc8 34. Rc1 Bb7 35. Rc3 Rh8 $2 (35... Bc8 36. Rc6 Qd8 37. Qxd8 Rxd8) 36. Qe7+ Kh6 37. Rc7 {Accuracy: White = 60%, Black = 31%.} 1-0

[Event "127th NZ Congress 2020"]
[Site "Tauranga"]
[Date "2020.01.16"]
[Round "1.5"]
[White "Forster, William"]
[Black "Johansen, Darryl K"]
[Result "0-1"]
[WhiteElo "1864"]
[BlackElo "2371"]
[Annotator "TA"]
[PlyCount "82"]
[EventDate "2020.01.14"]
[EventType "swiss"]
[EventCountry "NZL"]
[SourceTitle "playchess.com"]
[Source "ChessBase"]
[SourceQuality "1"]

{[%evp 11,82,38,35,32,44,-27,21,2,31,37,19,28,38,11,14,-5,33,17,40,30,38,24,29,29,26,31,24,6,29,0,0,-119,-110,-121,-123,-204,-145,-224,-130,-134,-143,-124,-134,-125,-140,-161,-99,-126,-17,-18,-16,-58,-58,-150,-150,-202,-219,-552,-432,-657,-650,-983,-976,-1379,-1254,-2181,-1851,-5243,-5243,-2390,-2297,-29984,-29984]} 1. d4 Nf6 2. c4 e6 3. Nc3 Bb4 4. e3 b6 5. Nge2 Bb7 6. a3 Bd6 7. Ng3 {E44: Nimzo-Indian: Rubinstein: 4...b6 5 Ne2} h5 8. d5 (8. f3 $14) 8... h4 9. Nge4 {The position is equal.} Be7 $146 ({Predecessor:} 9... Nxe4 10. Nxe4 Be7 11. h3 a5 12. Be2 Na6 13. b3 f5 14. Nc3 Bf6 {½-½ (37) Kovalchuk,A (2336)-Pridorozhni,A (2568) Taganrog 2017}) 10. Be2 Nxe4 11. Nxe4 d6 12. Bf3 {next dxe6 is good for White.} exd5 13. Nc3 (13. cxd5 {feels hotter.} h3 14. g3 O-O 15. O-O Nd7 16. Re1) 13... c6 14. cxd5 c5 15. O-O Nd7 16. Be2 a6 17. a4 O-O 18. e4 Bf6 19. Be3 Re8 20. Qd2 Bxc3 21. Qxc3 (21. bxc3 $11 {was the only way to keep the balance.} Rxe4 22. Bf3) 21... Rxe4 $17 22. Bd3 Rb4 (22... Bxd5 $6 23. Bxe4 Bxe4 24. f3 $11) 23. Rad1 (23. Bf5 $17 {might work better.}) 23... Qf6 (23... Bxd5 24. Bh7+ Kxh7 25. Rxd5 $17) 24. Bc2 {[#]} (24. Bd2 $17 {was necessary.} Ne5 25. f4 Nxd3 26. Qxd3) 24... Rxb2 (24... h3 $1 $19 {[%cal Rh3g2]} 25. gxh3 Qf3) 25. Bd4 Rxc2 $1 ({Stronger than} 25... cxd4 26. Qxb2 Rc8 27. Be4 $14) 26. Bxf6 Rxc3 27. Bxc3 b5 {[%cal Bb6b5,Bb5b4,Bb4b3][%mdl 32]} 28. Rfe1 Kf8 ({Weaker is} 28... bxa4 29. Re7 $14) (28... b4 $19 29. Re7 Rd8) 29. Re4 g5 (29... b4 $17 30. Bxb4 cxb4 31. Rxb4 Nc5 32. Rxh4 a5) 30. a5 $11 b4 31. Bb2 Rc8 $1 32. Rg4 {[#]} ({White should play} 32. f4 $15 gxf4 33. Rxf4) 32... c4 $1 $17 33. Rxg5 (33. f4 $17 {was called for.}) 33... c3 $19 34. Rh5 $2 (34. Rg4 {was the crucial defense.} cxb2 35. Rxb4) 34... Rc4 35. Bc1 (35. Ba1 $142 Ne5 36. f3) 35... b3 36. Bh6+ Kg8 37. Re1 Nf6 38. Rg5+ Kh7 39. Bg7 c2 40. Bxf6 c1=Q {[%cal Rc1e1]} 41. Rh5+ {[#]} Kg6 $1 {[%mdl 64] Double Attack. Accuracy: White = 26%, Black = 35%.} 0-1

[Event "127th NZ Congress 2020"]
[Site "Tauranga"]
[Date "2020.01.16"]
[Round "1.6"]
[White "Ker, Anthony F"]
[Black "Winter, Ryan"]
[Result "1-0"]
[WhiteElo "2299"]
[BlackElo "1756"]
[Annotator "RC"]
[PlyCount "67"]
[EventDate "2020.01.14"]
[EventType "swiss"]
[EventCountry "NZL"]
[SourceTitle "playchess.com"]
[Source "ChessBase"]
[SourceQuality "1"]
[TimeControl "40/5400+30:1800+30"]

1. e4 {[%emt 0:00:34]} c6 {[%emt 0:00:06]} 2. d4 {[%emt 0:00:12]} d5 {[%emt 0:00:06]} 3. exd5 {[%emt 0:00:07]} cxd5 {[%emt 0:00:06]} 4. Bd3 {[%emt 0:00:05]} Nc6 {[%emt 0:01:01]} 5. c3 {[%emt 0:00:08]} Nf6 {[%emt 0:04:55]} 6. Bf4 {[%emt 0:00:20]} Bg4 {[%emt 0:01:11]} 7. Qb3 {[%emt 0:05:35]} Qc8 {[%emt 0:00:31]} 8. Nd2 {[%emt 0:02:31]} e6 {[%emt 0:04:33]} 9. Ngf3 {[%emt 0:00:40]} Be7 {[%emt 0:03:30]} 10. Ne5 {[%emt 0:05:34]} Bh5 {[%emt 0:07:37]} 11. O-O {[%emt 0:03:32]} O-O {[%emt 0:02:31]} 12. Rae1 {[%emt 0:02:28]} a6 {[%emt 0:14:33]} 13. a4 {[%emt 0:04:50]} Bd6 {[%emt 0:09:56]} 14. Re3 {[%emt 0:18:25]} Qc7 {[%emt 0:10:07]} 15. Bg3 {[%emt 0:05:44]} Bg6 {[%emt 0:09:08]} 16. Nxg6 {[%emt 0:10:50]} hxg6 {[%emt 0:01:44]} 17. Rfe1 {[%emt 0:02:56]} Ne7 {[%emt 0:02:20]} 18. Bxd6 {[%emt 0:06:55]} Qxd6 {[%emt 0:00:09]} 19. Nf3 {[%emt 0:00:25]} Nf5 {[%emt 0:03:41]} 20. R3e2 {[%emt 0:00:24]} Qc7 {[%emt 0:01:01]} 21. Ne5 {[%emt 0:02:48]} Nd6 {[%emt 0:01:35]} 22. Re3 {[%emt 0:08:52]} Rab8 {[%emt 0:03:29]} 23. Rh3 {[%emt 0:01:08]} Nf5 {[%emt 0:01:06]} 24. Qd1 {[%emt 0:03:07]} Rfe8 {[%emt 0:01:39]} 25. g4 {[%emt 0:01:57]} Nd6 {[%emt 0:01:27]} 26. g5 {[%emt 0:01:12]} Nh5 {[%emt 0:05:12]} 27. Bxg6 {[%emt 0:00:57]} Nf4 {[%emt 0:03:43]} 28. Bh7+ {[%emt 0:00:10]} Kh8 {[%emt 0:02:26]} 29. Rh4 {[%emt 0:00:23]} f6 {[%emt 0:01:34]} 30. Ng6+ {[%emt 0:04:42]} Nxg6 {[%emt 0:00:06]} 31. Bxg6+ {[%emt 0:00:04]} Kg8 {[%emt 0:00:06]} 32. Qh5 {[%emt 0:00:31]} Kf8 {[%emt 0:01:12]} 33. gxf6 {[%emt 0:00:37]} gxf6 {[%emt 0:00:23]} 34. Qh8+ {[%emt 0:00:10]} 1-0

[Event "127th NZ Congress 2020"]
[Site "Tauranga"]
[Date "2020.01.16"]
[Round "1.7"]
[White "Sole, Michael D"]
[Black "Dive, Russell John"]
[Result "0-1"]
[WhiteElo "1804"]
[BlackElo "2298"]
[Annotator "TA"]
[PlyCount "62"]
[EventDate "2020.01.14"]
[EventType "swiss"]
[EventCountry "NZL"]
[SourceTitle "playchess.com"]
[Source "ChessBase"]
[SourceQuality "1"]

{[%evp 11,62,11,5,-7,21,18,24,19,35,31,62,56,61,-59,79,69,74,83,94,96,110,87,97,13,24,0,0,0,43,41,35,0,0,0,0,-43,-32,-181,-178,-190,-172,-322,-312,-304,-311,-1044,-452,-1637,-1558,-1417,-1389,-29983,-29983]} 1. e4 c6 2. d4 d5 3. e5 Bf5 4. h4 h5 5. Bd3 Bxd3 6. Qxd3 e6 7. Bg5 {B12: Caro-Kann: Advance Variation} Qa5+ {[%mdl 4] 7...Be7 is setting a new trend.} (7... Qb6 $5 {[%cal Rb6b2]}) 8. Nd2 Qa6 9. c4 {White has an edge.} Bb4 10. b3 Nd7 11. Ne2 Ne7 12. a3 (12. O-O $14) 12... f6 (12... dxc4 $15 {keeps the upper hand.} 13. Qxc4 (13. bxc4 Rd8 $15) 13... Qxc4 14. bxc4 Bxd2+ 15. Kxd2 c5) 13. exf6 $16 gxf6 14. O-O Bd6 15. Bf4 e5 16. dxe5 Bxe5 {[#]} 17. Rac1 $146 ({Better is} 17. Bxe5 $16 fxe5 18. Qh3) ({Predecessor:} 17. Rae1 O-O-O 18. Bxe5 fxe5 19. Nf4 Qxa3 20. Ne6 Rde8 21. Ra1 Qd6 22. Ng5 Qg6 23. Qxg6 Nxg6 {1-0 (39) Hinrichs,L (2185)-Berg,K (2322) Helsingor 2018}) 17... O-O-O $11 18. Qf3 Kb8 19. cxd5 Nxd5 (19... cxd5 {keeps more tension.} 20. Rfd1 Ng6 21. Bg3 Bxg3 22. Qxg3+ Nde5) 20. Nc4 Rhg8 21. Nxe5 Nxe5 22. Bxe5+ fxe5 23. Qxh5 Rde8 24. Qf3 {[#]} (24. a4 $15) 24... e4 $1 $19 {[%cal Re4f3]} ({But not} 24... Qxa3 25. g4 $11) 25. Qh5 Qxa3 26. Rb1 (26. Qf5 {might work better.}) 26... Qe7 27. g3 Qe6 {And now ...Rh8 would win.} 28. Nd4 $2 {[#]} (28. Rbd1 e3 29. Rd3) 28... Qf6 (28... Qh3 $142 $1 {[%mdl 512] ( -> ...Nf4)} 29. Ne2 Nf6 30. Qxe8+ Nxe8) 29. Nf5 (29. Rbd1 $142 Nf4 30. Qc5) 29... Nf4 30. Qh7 Rh8 31. Qg7 Qxf5 {Accuracy: White = 42%, Black = 71%.} 0-1

[Event "127th NZ Congress 2020"]
[Site "Tauranga"]
[Date "2020.01.16"]
[Round "1.9"]
[White "Tsagarakis, Angelo"]
[Black "Van Riemsdijk, Herman C."]
[Result "0-1"]
[WhiteElo "1746"]
[BlackElo "2245"]
[Annotator "TA"]
[PlyCount "52"]
[EventDate "2020.01.14"]
[EventType "swiss"]
[EventCountry "NZL"]
[SourceTitle "playchess.com"]
[Source "ChessBase"]
[SourceQuality "1"]

{[%evp 21,52,53,50,-46,-33,-114,-113,-117,-119,-114,-104,-228,-222,-671,-620,-615,-537,-591,-552,-683,-688,-672,-672,-912,-912,-897,-887,-1024,-957,-1516,-1520,-2954,-1983]} 1. d4 c5 2. d5 Nf6 3. c4 b5 4. cxb5 a6 5. bxa6 g6 6. g3 Bg7 7. Bg2 d6 8. Nf3 Bxa6 9. O-O O-O 10. Nc3 Nbd7 11. Re1 Qb6 12. e4 {A58: Benko/Volga Gambit: Lines with 5 bxa6} ({White should try} 12. Rb1 $14) (12. Qc2 Rfb8 13. Rb1 Ng4 14. h3 Nge5 15. Nd2 Nc4 16. Nde4 Qa5 17. g4 Rb7 18. a4 Rab8 19. Nb5 Qxe1+ {0-1 (20) Magnussen,H (2050)-Stranger,M (1986) Telford 2018}) 12... Ng4 $1 $15 13. Bd2 ({Better is} 13. Na4 $15 Qa7 14. Bf4) 13... Qxb2 $146 ({Predecessor:} 13... Nge5 14. Nxe5 Nxe5 15. Bf1 Qxb2 16. Rb1 Qxd2 {0-1 (16) Novotny,M (1557)-Otruba,M (1806) Ricany 2016}) 14. Rb1 {Black is better.} Qa3 15. Rb3 Qa5 16. Qb1 (16. Nb5 $17 {might work better.} Qb6 17. Nbd4) 16... c4 17. Nb5 $2 (17. Nd1 Qc5 18. Rc3) 17... Qb6 $19 {Black is clearly winning.} ({Not} 17... cxb3 18. Bxa5 Bxb5 19. a4 $17) 18. Rb4 Qxf2+ 19. Kh1 Qc5 {( -> ...Nf2+)} 20. h3 Nf2+ 21. Kh2 {With the idea Be3.} Nd3 {[%mdl 64] [#] Double Attack} 22. Nbd4 Nxe1 23. Qxe1 Bxd4 24. e5 Nxe5 25. Ng5 Nd3 {[%mdl 64] [#] Double Attack} 26. Qe4 Bg1+ 0-1

[Event "127th NZ Congress 2020"]
[Site "Tauranga"]
[Date "2020.01.16"]
[Round "1.10"]
[White "Sandler, Leonid"]
[Black "Mcfarland, Malcolm"]
[Result "1-0"]
[WhiteElo "2226"]
[BlackElo "1745"]
[Annotator "TA"]
[PlyCount "47"]
[EventDate "2020.01.14"]
[EventType "swiss"]
[EventCountry "NZL"]
[SourceTitle "playchess.com"]
[Source "ChessBase"]
[SourceQuality "1"]

{[%evp 16,47,18,16,22,27,19,31,22,0,56,35,41,32,63,64,103,43,74,46,470,462,481,490,971,958,860,684,1184,1117,1214,977,1480,1413]} 1. d4 d5 2. c4 dxc4 3. Nf3 Nf6 4. Nc3 e6 5. e3 a6 6. a4 c5 7. Bxc4 cxd4 8. exd4 Bd6 9. O-O O-O {D26: Queen's Gambit Accepted: 4 e3 e6 5 Bxc5 c5 sidelines} 10. Bg5 h6 11. Bh4 Be7 {White is slightly better.} 12. Qe2 Nbd7 $146 (12... Nc6 $11) ({Predecessor:} 12... Nc6 13. Rad1 Nd5 14. Bxe7 Ncxe7 {½-½ (65) Lindgren,P (2374)-Bellon Lopez,J (2337) Stockholm 2018}) 13. Rad1 Nb6 14. Bb3 Re8 15. Ne5 Nbd5 16. Bc2 (16. Qf3 $16) 16... Nb4 17. Bb1 g5 $2 {[%mdl 8192] [#]} ({Black should play} 17... Nfd5 $14 18. Bxe7 Rxe7) 18. Bg3 $18 {White is clearly winning.} Bf8 19. f4 Bg7 (19... g4 $142 20. Bh4 h5) 20. fxg5 hxg5 21. Qd2 a5 22. Qxg5 Nbd5 23. Bh4 Nxc3 24. bxc3 {Accuracy: White = 53%, Black = 20%.} 1-0

[Event "127th NZ Congress 2020"]
[Site "Tauranga"]
[Date "2020.01.16"]
[Round "2.1"]
[White "Garbett, Paul Anthony"]
[Black "Fernandez, Daniel Howard"]
[Result "0-1"]
[WhiteElo "2185"]
[BlackElo "2444"]
[Annotator "TA"]
[PlyCount "70"]
[EventDate "2020.01.14"]
[EventType "swiss"]
[EventCountry "NZL"]
[SourceTitle "playchess.com"]
[Source "ChessBase"]
[SourceQuality "1"]

{[%evp 13,70,11,37,22,64,37,42,43,60,47,89,95,87,79,68,27,31,26,27,9,41,33,25,0,71,-25,-16,-25,-25,-21,-25,-21,-21,-21,-21,-23,-21,-22,-24,-25,-25,-25,-26,-142,-142,-142,-135,-135,-135,-29972,-12839,-29983,-29983,-29983,-29984,-29986,-29985,-29988,-29987]} 1. e4 c5 2. Nf3 d6 3. d4 Nf6 4. Nc3 cxd4 5. Nxd4 a6 6. f4 Qc7 7. a4 g6 8. Be2 {B93: Sicilian Najdorf: 6 f4} h5 $146 ({Predecessor:} 8... Bg7 9. O-O O-O 10. Kh1 b6 11. Nd5 Nxd5 12. exd5 Nd7 13. c4 Nf6 14. Ra3 Bd7 15. f5 Qb7 {1-0 (25) Smirin,I (2609)-Anand,V (2773) St Petersburg 2018}) 9. f5 gxf5 10. exf5 {White is slightly better.} Qc5 11. O-O Bh6 12. Bxh6 Rxh6 13. Kh1 Nc6 14. Nxc6 bxc6 15. Qd2 Rh8 16. Rae1 Rb8 17. Bd3 Rxb2 18. Ne4 Qd4 (18... Nxe4 $11 {keeps the balance.} 19. Rxe4 Bxf5) 19. Qg5 ({White should play} 19. Qa5 $16 Kd7 20. Nxf6+ exf6 21. Qd2 (21. Bxa6 Rxc2 22. Be2 Qc5 $15)) 19... Kf8 $11 20. Nxf6 Qxf6 21. Qxf6 exf6 22. Rb1 Rxb1 23. Rxb1 {[%mdl 4096] Endgame KRB-KRB} Ke7 24. Rb6 c5 25. a5 d5 26. Bxa6 Bxa6 (26... Bxf5 $6 27. Bb7 $16) 27. Rxa6 {KR-KR} Rb8 {[%cal Rb8b1]} 28. Rb6 (28. Kg1 $11) 28... Rxb6 $1 $17 29. axb6 {KP-KP} Kd6 30. h4 {Hoping for g4!} d4 {Threatens to win with ...c4.} ({Much weaker is} 30... Kc6 $6 31. g4 $1 $11 {[%mdl 512]}) 31. g4 $2 {[%mdl 8192] [#]} (31. Kg1 $17) 31... c4 $1 ({Wrong is} 31... hxg4 $2 32. h5 $18) 32. g5 d3 {Black mates.} 33. b7 Kc7 34. g6 fxg6 35. fxg6 d2 {Accuracy: White = 28%, Black = 73%.} 0-1